Sưu tầm hiện vật về ba chương trình kinh tế /

में बचाया:
ग्रंथसूची विवरण
मुख्य लेखक: Hoàng Hoa Thám.
स्वरूप: लेख
भाषा:Vietnamese
विषय:
टैग : टैग जोड़ें
कोई टैग नहीं, इस रिकॉर्ड को टैग करने वाले पहले व्यक्ति बनें!
Thư viện lưu trữ: Thư viện Trường Đại học Đà Lạt
LEADER 00709nam a2200253 4500
001 DLU090101824
005 ##20091202
040 # # |a DLU  |b vie 
041 # # |a vie 
044 # # |a vn 
100 # # |a Hoàng Hoa Thám. 
245 # # |a Sưu tầm hiện vật về ba chương trình kinh tế /  |c Hoàng Hoa Thám. 
653 # # |a Hiện vật 
653 # # |a Sưu tầm 
773 # # |t Văn hoá Nghệ thuật  |g Số 6, 1993, tr. 38-39 
920 # # |a Phòng Tạp chí -- Trung tâm Thông tin - Thư viện Trường Đại học Đà Lạt 
994 # # |a DLU 
900 # # |a True 
911 # # |a Đào Thị Thu Huyền 
925 # # |a G 
926 # # |a A 
927 # # |a BB 
980 # # |a Thư viện Trường Đại học Đà Lạt